000 00674cam a22002173a 4500
001 46040
003 PGUSA
005 20140828084057.0
008 140620s2014||||xxu|||||s|||||000 | eng d
040 _aPGUSA
_beng
042 _adc
100 1 _aRoberts, Charles G. D.,
_cSir,
_d1860-1943
245 1 4 _aThe Kindred of the Wild :
_bA Book of Animal Life
_h[electronic resource] /
_cCharles G. D., Roberts
260 _bProject Gutenberg,
_c2014
506 _aPublic domain in the USA.
516 _aElectronic text
700 1 _aBull, Charles Livingston,
_d1874-1932
830 0 _aProject Gutenberg
_v46040
856 4 0 _uhttp://www.gutenberg.org/ebooks/46040
942 _cEB
999 _c275289
_d275289